000 00284nam a22001217a 4500
008 170608b xxu||||| |||| 00| 0 eng d
041 _aeng
080 _a94
100 _a18
101 _aSHH
245 _aNIGERIA: THE TRIBES, THE NATION, OR THE RACE
_cSCHWARZ,F.A
942 _2udc
_cBK
999 _c16590
_d16590